|
|
|
|
| LEADER |
01130nam a2200313 a 4500 |
| 001 |
3775 |
| 003 |
BD-DhAAL |
| 005 |
20150909101233.0 |
| 008 |
150909s1995 nyua b 001 0 eng |
| 010 |
|
|
|a 94031037
|
| 020 |
|
|
|a 0471103488
|
| 020 |
|
|
|a 0471058297 (pbk : alk. paper)
|
| 040 |
|
|
|a DLC
|c DLC
|d DLC
|d BD-DhAAL
|
| 050 |
0 |
0 |
|a BF121
|b .H77 1995
|
| 082 |
0 |
0 |
|a 150
|2 20
|
| 100 |
1 |
|
|a Huffman, Karen.
|9 14504
|
| 245 |
1 |
0 |
|a Essentials of psychology in action /
|c Karen Huffman, Mark Vernoy, Judith Vernoy.
|
| 260 |
|
|
|a New York :
|b Wiley,
|c c1995.
|
| 300 |
|
|
|a xv, 262 p. :
|b col. ill. ;
|c 28 cm.
|
| 500 |
|
|
|a Abridged ed. of: Psychology in action.
|
| 504 |
|
|
|a Includes bibliographical references (p. [557-582] and indexes.
|
| 541 |
|
|
|e 3775
|
| 650 |
|
0 |
|a Psychology.
|9 14505
|
| 700 |
1 |
|
|a Vernoy, Mark W.
|9 14506
|
| 700 |
1 |
|
|a Vernoy, Judith.
|9 14507
|
| 700 |
1 |
|
|a Huffman, Karen.
|t Psychology in action.
|9 14508
|
| 942 |
|
|
|2 ddc
|c BK
|
| 999 |
|
|
|c 35481
|d 35481
|
| 952 |
|
|
|0 0
|1 0
|2 ddc
|4 0
|6 150_000000000000000_HUF
|7 0
|9 55804
|a SCL
|b SCL
|c GEN
|d 2015-09-09
|e Gift: The Asia Foundation
|l 0
|o 150 HUF
|p 3020003775
|r 2015-09-09
|t 1
|w 2015-09-09
|y BK
|